00489nam a22001577a 450000500170000000800410001702000330005804100130009108200140010410000250011824500680014325000190021126000440023030000310027465000260030520231214084544.0231214b |||||||| |||| 00| 0 eng d a9780409023183 ; 978040911060 aEnglish  a342.9 BOL aBolton, P lEnglish  aThe Law of Government Procurement in South Africa / cP Bolton  aFirst Edition  aDurban : bLexisNexis (Pty) Ltd,c2007  bxxiv, 528 pages ;c25 cm.  aLegal practice bLaw